00759nam a22002051c 4500001001100000008004100011020003700052041000800089100001800097245011100115264004300226300001500269610005600284700003400340942000700374040001600381003001200397999001700409952012700426a987690808180820s2017 gw |||| 000u ger d a97838353308499978-3-8353-3084-9 ager1 aPahlow, Louis04aDie Carl-Zeiss-Stiftung in Wiedervereinigung und Globalisierung 1989-2004 /cLouis Pahlow, André Steiner aGöttingen :bWallstein Verlag,c2017 a542 Seiten 0aCarl-Zeiss-Stiftung (Heidenheim an der Brenz, Jena)1 aSteiner, AndréeVerfasserIn cMG cRU-10907106RU-10907106 c51673d51673 00102z4070aDHIMbDHIMcGEN-1d2018-08-20i18-02326oG 20 bD 243pE0040150790E7591r2021-02-23 00:00:00w2021-03-22yMG